Hercules: By the Sword (Registo nº 947)

Detalhes MARC
000 -Etiqueta do registo
Cabeçalho 00696nam0a2200289 i 4500
005 - Identificador da versão
Campo de controlo 20240813121819.0
010 ## - Número internacional normalizado dos livros (ISBN)
Número (ISBN) 0 582 81705 6
021 ## - Número do Depósito Legal
Código do país GB
035 ## - Other System Control Numbers
System Control Number 0001012
System Control Number 0000995
100 ## - Dados gerais de processamento
Dados gerais de processamento 20091120d a y0pory5003 ba
102 ## - Pais de publicação ou produção
País de publicação Portugal
101 0# - Língua de publicação
Língua do texto, banda sonora, etc. Inglês
Língua do documento no original Inglês
106 ## - Campo de dados codificados: material textual
Dados codificados do material textual r
105 ## - Campo de dados codificados: livros
Dados codificados dos livros a z 001ay
215 ## - Descrição física 
Indicação específica da natureza do documento e extensão da espécie 36 p.
Outras indicações físicas il.
Dimensões cm
200 1# - Titulo e menção de responsabilidade
Título próprio Hercules: By the Sword
Primeira menção de responsabilidade Timothy Boggs
Outras menções de responsabilidade John Escott
225 2# - Colecção 
Título próprio da colecção Penguin Readers
210 ## - Publicação, Distribuição, etc. 
Lugar da edição, distribuição, etc. Reino Unido
Nome do editor, distribuidor, etc. Longman
Data da publicação, distribuição, etc. 1999
304 ## - Notas relativas a título e menção de responsabilidade 
Texto da nota Tít. orig.:
675 ## - Classificação Decimal Universal (CDU)
Notação 821.111
Edição BN
Língua da edição por
700 #1 - Nome de autor-pessoa física (responsabilidade principal)
Número de registo de entrada de autoridade 0001260
Palavra de ordem Boggs
Outra parte do nome não tomada para palavra de ordem Timothy
942 ## - Elementos de entrada adicionados (Koha)
Tipo de item no Koha Livro
Exemplares
Situação do levantamento Origin of item (home branch) (coded) Biblioteca de empréstimo Código de barras Cota Circulation type (not for loan) Tipo de documento Nota do exemplar Damaged status
  Biblioteca Escolar Eng. Nuno Mergulhão Biblioteca Escolar Eng. Nuno Mergulhão BENM1689 821 BOG   Livro Sem mensagem